00494nam a22001577a 4500003000400000005001700004008004100021020001500062040001300077050002300090100002100113245011900134260004800253300001500301504002000316OSt20251231120435.0251231b |||||||| |||| 00| 0 eng d a9187748797 aLCcJCSC aJZ 6150b.H45 1997 aWolgang Heinrich aBUILDING THE PEACE :bExperience and reflections of collaborative peacebuilding the case of somalia /cHeinrich W. aSweden :bLife and peace institute ;c1997. a251 pages. aIncludes index.